Grado Superior. Enciclopedia (escrita con arreglo al método cíclico).

Gespeichert in:
Bibliographische Detailangaben
1. Verfasser: Porcel y Riera, M. Autor
Format: keine Angabe
Sprache:Spanisch
Erschienen: Palma de Mallorca Porcel 1919
Ausgabe:
Katalog:MANES:  Suchergebnis im Bibliothekskatalog
Schulbuchspezifische Eigenschaften:
Schriftenreihe:Curso completo de Enseñanza Primaria
Tags: Tag hinzufügen
Keine Tags, Fügen Sie den ersten Tag hinzu!
Hinzugefügt zu:26.04.2016
Geändert in:07.05.2025

MARC

LEADER 000000000a22000000004500
001 11870
003 OSt
005 20250507133337.0
008 160427s sp ||||| |||| 00| 0 spa d
040 |c centro_manes 
041 1 |a spa 
561 |5 es-CICE  |a España. Centro Internacional de la Cultura Escolar  |k MANES 
691 0 |a PRI 
100 1 |a Porcel y Riera, M. Autor  |9 4384 
245 0 0 |a Grado Superior. Enciclopedia (escrita con arreglo al método cíclico). 
250 |a 4ª 
260 3 |a Palma de Mallorca  |b Porcel  |c 1919 
300 |a 850 p.  |c 19 x 12 cm 
440 |a Curso completo de Enseñanza Primaria  |9 1914 
500 |a EDAD:12  |a Editado en Cartoné. 
690 0 |a CN  |a ECS  |a GEO  |a LEN  |a MATE  |a RyM  |a HI  |a EyL 
942 |2 ddc  |c BK 
546 |a España 
999 |c 17844  |d 17844 
999 |c manes:17844  |d 17844